000
00251nam a2200097Ia 4500
008
231212s1988 xx 000 0 und d
041
_a
eng
100
_a
Leventhal L.A.
245
_a
Introducation To Microprocessor
260
_a
New Delhi
_b
Prentic
_c
1988
999
_c
960760
_d
960760